जीवनवृक्ष / (Record no. 21218)

MARC details
000 -LEADER
fixed length control field 01046nam a22002297a 4500
008 - FIXED-LENGTH DATA ELEMENTS--GENERAL INFORMATION
fixed length control field 081007t xxu||||| |||| 00| 0 mar
010 ## - LCCN (DPL NO)
LC control number MAR-20017
020 ## - INTERNATIONAL STANDARD BOOK NUMBER
Terms of availability 60.00
035 ## - SYSTEM CONTROL NUMBER
System control number MR-12675
037 ## - SOURCE OF ACQUISITION
Source of stock number/acquisition D.B.Act /pub
082 ## - DEWEY DECIMAL CLASSIFICATION NUMBER
Classification number 891.461
100 ## - MAIN ENTRY--PERSONAL NAME
Personal name मैत्रेय
245 ## - TITLE STATEMENT
Title जीवनवृक्ष /
Statement of responsibility, etc मैत्रेय
246 ## - VARYING FORM OF TITLE
Title proper/short title Jivanvarikash
Remainder of title by Mytre
260 ## - PUBLICATION, DISTRIBUTION, ETC. (IMPRINT)
Place of publication, distribution, etc सोलापुर
Name of publisher, distributor, etc आत्मकला प्रकाशन
Date of publication, distribution, etc 2008
270 ## - ADDRESS
Address 340, शुक्रवारपेठ,समचार चौक
City सोलापुर
Postal code 2
300 ## - PHYSICAL DESCRIPTION
Extent 67 पृ
Dimensions 22 सेमी (अजिल्द)
650 ## - SUBJECT ADDED ENTRY--TOPICAL TERM
Topical term or geographic name as entry element मराठी कविता संग्रह
650 ## - SUBJECT ADDED ENTRY--TOPICAL TERM
Topical term or geographic name as entry element Marathi Poetry
General subdivision Physical Fitness
942 ## - ADDED ENTRY ELEMENTS (KOHA)
Source of classification or shelving scheme Dewey Decimal Classification
Item type Marathi Books
Call number suffix मैत्रेय
Classification part 891.461
Holdings
Withdrawn status Lost status Source of classification or shelving scheme Damaged status Not for loan Collection code Home library Current library Date acquired Source of acquisition Cost, normal purchase price Total Checkouts Full call number Barcode Date last seen Copy number Cost, replacement price Koha item type
    Dewey Decimal Classification   Not For Loan Non-fiction D.B.Act.Division D.B.Act.Division 19/01/2009 DBAD 60.00   891.461 मैत्रेय MR-12675 19/01/2009 1 60.00 Marathi Books

© Delhi Public Library
Hit Counter
free hit counter